Contribuciones /
Na minha lista:
| Formato: | Livro |
|---|---|
| Idioma: | Spanish |
| Publicado em: |
Buenos Aires, Argentina:
CIEDLA,
1984-
|
| Assuntos: | |
| Tags: |
Adicionar Tag
Sem tags, seja o primeiro a adicionar uma tag!
|
MARC
| LEADER | 00000nam a22000007a 4500 | ||
|---|---|---|---|
| 003 | cru CIDCACS/IIS | ||
| 005 | 20200521160350.0 | ||
| 008 | 200520s1984 ag |||p|r||||||0| 0 spa|d | ||
| 999 | |c 43142 |d 43142 | ||
| 040 | |c cru CIDCACS/IIS | ||
| 090 | |a REV0191 | ||
| 245 | 1 | |a Contribuciones / |c Centro Interdisciplinario de Estudios sobre el Desarrollo Latinoamericano | |
| 260 | |a Buenos Aires, Argentina: |b CIEDLA, |c 1984- | ||
| 500 | |a EXISTENCIAS : 1984-1988 1-5 (1-4) 1989 6 (1-3,*) 1990 7 (1-4) 1991 8 (1-4) 1992 9 (1-2, 4) 1993 10 (1-3) 1994 11 (1-4) 1995 12 (1-4) 1996 13 (1, 3) 1997 14 (1,3) 1998 15 (1-4) 1999 16 (1,2,4) 2000 17 (1-4) 2001 18 (1-3) 2002 19(1-2) | ||
| 650 | 4 | |9 2642 |a INTEGRACION ECONOMICA | |
| 650 | 4 | |9 1849 |a DEMOCRATIZACION | |
| 650 | 4 | |9 1934 |a MILITARISMO | |
| 650 | 0 | |9 2228 |a SINDICALISMO | |
| 650 | 0 | |9 6869 |a ANALISIS POLITICO | |
| 650 | 0 | |9 1394 |a SISTEMAS ECONOMICOS | |
| 650 | 0 | |9 243 |a ESTADO | |
| 650 | 4 | |9 2645 |a COOPERACION INTERNACIONAL | |
| 942 | |2 ddc |c PP | ||
